00830nam a22001817a 4500003000200000005001700002008004100019050002600060100003600086245015300122260007100275300002700346500004000373504005600413650005000469650006400519650006500583020250214105758.0250213b xxu||||| |||| 00| 0 eng d aBF 575.S75b.C37 2024 aCarrasco, Camille Abbrielle G.  a The impact of perceived stress and quality of life on Filipino adults with cyberchondria tendencies in Metro Manila. cCamille Abbrille G. Carrasco aLas Pinas CitybSouthville International School and Collegesc2024 axii, 196 pages;c28cm. aBachelor of Science in Psychology.  aIncludes bibliographical references and appendices. aCyberchondria—Mental health and well-being. aPerceived stress—Psychological impact -- Filipino adults. aMental health—Stress and anxiety disorders -- Digital age.